|
|
|
|
| LEADER |
00000nam0a2200000 4500 |
| 001 |
180286 |
| 005 |
20231101223532.0 |
| 010 |
|
|
|a 9785394007880
|
| 035 |
|
|
|a (RuTPU)RU\TPU\book\195436
|
| 090 |
|
|
|a 180286
|
| 100 |
|
|
|a 20100513d2010 m y0rusy50 ca
|
| 101 |
0 |
|
|a rus
|
| 102 |
|
|
|a RU
|
| 105 |
|
|
|a y j 001zy
|
| 200 |
1 |
|
|a Основы дипломного проектирования
|e учебно-методическое пособие
|f под ред. Н. А. Платоновой
|
| 210 |
|
|
|a Москва
|c Дашков и К
|d 2010
|
| 215 |
|
|
|a 272 с.
|
| 320 |
|
|
|a Библиогр.: с. 267-270.
|
| 330 |
|
|
|a В учебно-методическом пособии раскрыты общие требования к выполнению выпускной квалификационной работы по специальности «Менеджмент организации», представлены подходы к проведению анализа по проблеме исследования и оценке экономической эффективности проектных решений по различным направлениям. Для студентов и преподавателей вузов.
|
| 606 |
1 |
|
|a Дипломные проекты
|x Оформление
|2 stltpush
|3 (RuTPU)RU\TPU\subj\9582
|9 36801
|
| 610 |
1 |
|
|a педагогика
|
| 610 |
1 |
|
|a высшее образование
|
| 610 |
1 |
|
|a дипломное проектирование
|
| 610 |
1 |
|
|a выпускные работы
|
| 610 |
1 |
|
|a квалификационные работы
|
| 610 |
1 |
|
|a дипломные работы
|
| 610 |
1 |
|
|a разделы
|
| 610 |
1 |
|
|a требования
|
| 610 |
1 |
|
|a научно-исследовательская работа
|
| 610 |
1 |
|
|a анализы
|
| 610 |
1 |
|
|a оценка
|
| 610 |
1 |
|
|a экономическая эффективность
|
| 610 |
1 |
|
|a проектные решения
|
| 610 |
1 |
|
|a экономическая часть
|
| 610 |
1 |
|
|a производственный менеджмент
|
| 610 |
1 |
|
|a финансовый менеджмент
|
| 610 |
1 |
|
|a логистика
|
| 610 |
1 |
|
|a учебные пособия
|
| 610 |
1 |
|
|a менеджмент
|
| 610 |
1 |
|
|a экономика
|
| 686 |
|
|
|a Ч481.25я73
|v LBC/SL-A
|2 rubbk
|
| 702 |
|
1 |
|a Платонова
|b Н. А.
|4 340
|
| 801 |
|
1 |
|a RU
|b 63413507
|c 20100513
|
| 801 |
|
2 |
|a RU
|b 63413507
|c 20220914
|g RCR
|
| 942 |
|
|
|c BK
|
| 959 |
|
|
|a 31/20100513
|d 2
|e 132,00
|f ЧЗГЛ:1
|f АНЛ:1
|